| 000 | 00496nam a22001817a 4500 | ||
|---|---|---|---|
| 005 | 20260423121750.0 | ||
| 008 | 260423b |||||||| |||| 00| 0 eng d | ||
| 020 |
_a9789385998607 _c395.00 |
||
| 040 | _aMAIN | ||
| 041 | _aEnglish | ||
| 082 |
_a539.7 _bGHO |
||
| 100 |
_aGhosh, Bipin _926698 |
||
| 245 |
_aParticle Physics _b:Introduction for Students and Scientists |
||
| 260 |
_aNew Delhi _bMedTech Science Press _c2020 |
||
| 300 | _a203 | ||
| 650 |
_aPhysics (PM USHA) _926699 |
||
| 942 | _cBK | ||
| 999 |
_c60696 _d60696 |
||